000 00287nam a2200121Ia 4500
008 191201s2019 xx 000 0 und d
100 _aBIMBHRA, P.S.
245 0 _aElectrical Machinery
260 _aN. delhi
_bKhanna Publisher
300 _a1182
650 _aB.Tech(ECE)
942 _2ddc
_cBK
999 _c415
_d415